FC Bayern Munich 2019-20 Squad - Statistics

General Stats
  • This quiz has been taken 151 times
  • The average score is 19 of 26
Answer Stats
Squad Number Position Nationality Player % Correct
1 GK German Manuel Neuer
98%
9 ST Polish Robert Lewandowski
98%
19 LB Canadian Alphonso Davies
92%
27 LB Austrian David Alaba
92%
22 RW German Serge Gnabry
92%
6 CM Spanish Thiago
92%
25 SS German Thomas Müller
90%
32 RB German Joshua Kimmich
89%
29 LW French Kingsley Coman
89%
14 LW Croatian Ivan Perišić
88%
17 CB German Jérôme Boateng
87%
8 CB Spanish Javi Martínez
86%
4 CB German Niklas Süle
85%
10 AM Brazilian Philippe Coutinho
84%
18 CM German Leon Goretzka
81%
21 LB French Lucas Hernandez
81%
5 CB French Benjamin Pavard
80%
26 GK German Sven Ulreich
79%
24 CM French Corentin Tolisso
78%
- Manager German Hans-Dieter Flick
71%
2 RB Spanish Álvaro Odriozola
50%
11 CM French Mickaël Cuisance
33%
36 GK German Christian Früchtl
30%
15 CF German Jann-Fiete Arp
26%
39 GK German Ron-Thorben Hoffmann
24%
33 CB German Lars Lukas Mai
16%
No matching quizzes found
Score Distribution
Percent of People with Each Score
Percentile by Number Answered
Your Score History
You have not taken this quiz